000 00208nam a22000857a 4500
008 161026b xxu||||| |||| 00| 0 eng d
100 _9961
_aMooney.A.
245 _aShaping 100 Great leaders
260 _aLondon
_c2004
999 _c3617
_d3617